Legislación educativa dominicana 1844-1985 / (Registro nro. 39439)
[ vista simple ]
| 000 -CABECERA | |
|---|---|
| campo de control de longitud fija | 00602nam a2200181 a 4500 |
| 001 - NÚMERO DE CONTROL | |
| campo de control | 000039949 |
| 005 - FECHA Y HORA DE LA ÚLTIMA TRANSACCIÓN | |
| campo de control | 20201002033827.0 |
| 008 - DATOS DE LONGITUD FIJA--INFORMACIÓN GENERAL | |
| campo de control de longitud fija | 130731s1987 dr ac 000 0 spa d |
| 040 ## - FUENTE DE LA CATALOGACIÓN | |
| Centro catalogador/agencia de origen | DO-SdBNP |
| Lengua de catalogación | spa |
| Centro/agencia transcriptor | BNPHU |
| 100 1# - ENTRADA PRINCIPAL--NOMBRE DE PERSONA | |
| Nombre de persona | Morrison, Ramón |
| 9 (RLIN) | 17447 |
| 245 10 - MENCIÓN DE TÍTULO | |
| Título | Legislación educativa dominicana 1844-1985 / |
| Mención de responsabilidad, etc. | Ramón Morrison. |
| 260 ## - PUBLICACIÓN, DISTRIBUCIÓN, ETC. | |
| Lugar de publicación, distribución, etc. | Santo Domingo : |
| Nombre del editor, distribuidor, etc. | Universidad Autónoma de Santo Domingo, |
| Fecha de publicación, distribución, etc. | 1987. |
| 300 ## - DESCRIPCIÓN FÍSICA | |
| Extensión | v.(217) p. ; : |
| Otras características físicas | il., retrs. ; |
| Dimensiones | 28 cm. |
| 450 ## - | |
| -- | Bibliografía : p. 217 |
| 500 ## - NOTA GENERAL | |
| Nota general | La biblioteca posee el v. 1 |
| 500 ## - NOTA GENERAL | |
| Nota general | Texto a dos columnas |
| 505 0# - NOTA DE CONTENIDO CON FORMATO | |
| Nota de contenido con formato | v. 1 |
| Título | 1844-1930 |
| Estado de retiro | Estado de pérdida | No para préstamo | Código de colección | Localización permanente | Ubicación/localización actual | Ubicación en estantería | Fecha de adquisición | Número de inventario | Total de préstamos | Signatura topográfica completa | Código de barras | Fecha visto por última vez | Precio válido a partir de | Tipo de ítem Koha |
|---|---|---|---|---|---|---|---|---|---|---|---|---|---|---|
| Excluido de préstamo | Patrimonio Dominicano | Patrimonio Dominicano | Patrimonio Dominicano | En catalogación | 31.07.2013 | LF1 | 39949-10 | 25.06.2020 | 25.06.2020 | Libro y Folleto Colección Patrimonio Dominicano |
